<?xml version="1.0" encoding="UTF-8"?>
<record
    xmlns:xsi="http://www.w3.org/2001/XMLSchema-instance"
    xsi:schemaLocation="http://www.loc.gov/MARC21/slim http://www.loc.gov/standards/marcxml/schema/MARC21slim.xsd"
    xmlns="http://www.loc.gov/MARC21/slim">

  <leader>01590nam0a2200349   4500</leader>
  <controlfield tag="001">RU\NLR\BIBL_A\022605419</controlfield>
  <controlfield tag="005">20260420052330.0</controlfield>
  <datafield tag="010" ind1=" " ind2=" ">
    <subfield code="a">978-5-9613-0827-3</subfield>
    <subfield code="9">100</subfield>
  </datafield>
  <datafield tag="021" ind1=" " ind2=" ">
    <subfield code="a">RU</subfield>
    <subfield code="b">&#x41A;&#x41D;-&#x41F;-25-038202</subfield>
    <subfield code="9">&#x41A;&#x41D;-&#x41F;-25-3738</subfield>
  </datafield>
  <datafield tag="035" ind1=" " ind2=" ">
    <subfield code="a">(NLR Aleph) 022605419</subfield>
  </datafield>
  <datafield tag="090" ind1=" " ind2=" ">
    <subfield code="a">13682301</subfield>
    <subfield code="c">13682301</subfield>
  </datafield>
  <datafield tag="100" ind1=" " ind2=" ">
    <subfield code="a">20250820d2025    c  y0rusy50      ca</subfield>
  </datafield>
  <datafield tag="101" ind1="0" ind2=" ">
    <subfield code="a">bak</subfield>
    <subfield code="a">rus</subfield>
    <subfield code="a">eng</subfield>
  </datafield>
  <datafield tag="102" ind1=" " ind2=" ">
    <subfield code="a">RU</subfield>
  </datafield>
  <datafield tag="105" ind1=" " ind2=" ">
    <subfield code="a">a   z   000 y</subfield>
  </datafield>
  <datafield tag="181" ind1=" " ind2="0">
    <subfield code="a">i </subfield>
    <subfield code="b">axxe  </subfield>
  </datafield>
  <datafield tag="182" ind1=" " ind2="0">
    <subfield code="a">n</subfield>
  </datafield>
  <datafield tag="200" ind1="1" ind2=" ">
    <subfield code="a">&#x4E8;&#x439;&#x440;&#x4D9;&#x43D;&#x434;&#x435;&#x43C;!</subfield>
    <subfield code="e">[&#x431;&#x430;&#x43B;&#x430;&#x43B;&#x430;&#x440; &#x4E9;&#x441;&#x4E9;&#x43D; &#x448;&#x438;&#x493;&#x44B;&#x440;&#x499;&#x430;&#x440;]</subfield>
    <subfield code="f">&#x417;&#x435;&#x43C;&#x444;&#x438;&#x440;&#x430; &#x410;&#x4A1;&#x431;&#x443;&#x442;&#x438;&#x43D;&#x430;</subfield>
    <subfield code="g">[&#x440;&#x443;&#x441; &#x442;&#x435;&#x43B;&#x435;&#x43D;&#x4D9; &#x442;&#x4D9;&#x440;&#x436;.: &#x411;&#x443;&#x43B;&#x430;&#x442; &#x423;&#x441;&#x43C;&#x430;&#x43D;&#x43E;&#x432;, &#x41B;&#x435;&#x43E;&#x43D;&#x438;&#x434; &#x421;&#x43E;&#x43A;&#x43E;&#x43B;&#x43E;&#x432;, &#x438;&#x43D;&#x433;&#x43B;&#x438;&#x437; &#x442;&#x435;&#x43B;&#x435;&#x43D;&#x4D9; - &#x420;&#x4D9;&#x448;&#x438;&#x499;&#x4D9; &#x419;&#x43E;&#x43C;&#x430;&#x499;&#x438;&#x43B;&#x43E;&#x432;&#x430;</subfield>
    <subfield code="g">&#x440;&#x4D9;&#x441;&#x441;&#x430;&#x43C;&#x44B; &#x41B;&#x438;&#x430;&#x43D;&#x430; &#x41D;&#x438;&#x493;&#x43C;&#x4D9;&#x442;&#x439;&#x4D9;&#x43D;&#x43E;&#x432;&#x430;]</subfield>
  </datafield>
  <datafield tag="203" ind1=" " ind2=" ">
    <subfield code="a">&#x422;&#x435;&#x43A;&#x441;&#x442;</subfield>
    <subfield code="b">&#x432;&#x438;&#x437;&#x443;&#x430;&#x43B;&#x44C;&#x43D;&#x44B;&#x439;</subfield>
    <subfield code="c">&#x43D;&#x435;&#x43F;&#x43E;&#x441;&#x440;&#x435;&#x434;&#x441;&#x442;&#x432;&#x435;&#x43D;&#x43D;&#x44B;&#x439;</subfield>
  </datafield>
  <datafield tag="210" ind1=" " ind2=" ">
    <subfield code="a">&#x4E8;&#x444;&#x4E9;</subfield>
    <subfield code="c">&#x42E;&#x43B;&#x434;&#x430;&#x448;</subfield>
    <subfield code="d">2025</subfield>
  </datafield>
  <datafield tag="215" ind1=" " ind2=" ">
    <subfield code="a">58 &#x431;.</subfield>
    <subfield code="c">&#x438;&#x43B;., &#x446;&#x432;. &#x438;&#x43B;.</subfield>
    <subfield code="d">30</subfield>
  </datafield>
  <datafield tag="300" ind1=" " ind2=" ">
    <subfield code="a">&#x422;&#x435;&#x43A;&#x441;&#x442; &#x43F;&#x430;&#x440;&#x430;&#x43B;. &#x431;&#x430;&#x448;&#x43A;., &#x440;&#x443;&#x441;., &#x430;&#x43D;&#x433;&#x43B;.</subfield>
  </datafield>
  <datafield tag="541" ind1="1" ind2=" ">
    <subfield code="6">z01790</subfield>
    <subfield code="a">&#x42F; &#x43D;&#x430;&#x443;&#x447;&#x438;&#x43B;&#x441;&#x44F;!</subfield>
    <subfield code="e">[&#x441;&#x442;&#x438;&#x445;&#x438; &#x434;&#x43B;&#x44F; &#x434;&#x435;&#x442;&#x435;&#x439;].</subfield>
    <subfield code="z">rus</subfield>
  </datafield>
  <datafield tag="686" ind1="1" ind2=" ">
    <subfield code="a">&#x428;9(2)6=&#x411;&#x430;&#x448;-5</subfield>
  </datafield>
  <datafield tag="700" ind1=" " ind2="1">
    <subfield code="4">070</subfield>
    <subfield code="7">ca</subfield>
    <subfield code="8">bak</subfield>
    <subfield code="a">&#x410;&#x4A1;&#x431;&#x443;&#x442;&#x438;&#x43D;&#x430;</subfield>
    <subfield code="b">&#x417;. &#x425;. &#x4A1;&#x44B;&#x499;&#x44B;</subfield>
    <subfield code="f">1966-</subfield>
    <subfield code="g">&#x417;&#x435;&#x43C;&#x444;&#x438;&#x440;&#x430; &#x425;&#x4D9;&#x43A;&#x438;&#x43C;&#x439;&#x4D9;&#x43D; &#x4A1;&#x44B;&#x499;&#x44B;</subfield>
    <subfield code="9">205729</subfield>
    <subfield code="3">RU\NLR\AUTH\770205781</subfield>
  </datafield>
  <datafield tag="702" ind1=" " ind2="1">
    <subfield code="a">&#x423;&#x441;&#x43C;&#x430;&#x43D;&#x43E;&#x432;</subfield>
    <subfield code="b">&#x411;.</subfield>
    <subfield code="g">&#x411;&#x443;&#x43B;&#x430;&#x442;</subfield>
    <subfield code="4">730</subfield>
  </datafield>
  <datafield tag="702" ind1=" " ind2="1">
    <subfield code="a">&#x419;&#x43E;&#x43C;&#x430;&#x499;&#x438;&#x43B;&#x43E;&#x432;&#x430;</subfield>
    <subfield code="b">&#x420;.</subfield>
    <subfield code="g">&#x420;&#x4D9;&#x448;&#x438;&#x499;&#x4D9;</subfield>
    <subfield code="4">730</subfield>
  </datafield>
  <datafield tag="702" ind1=" " ind2="1">
    <subfield code="a">&#x41D;&#x438;&#x493;&#x43C;&#x4D9;&#x442;&#x439;&#x4D9;&#x43D;&#x43E;&#x432;&#x430;</subfield>
    <subfield code="b">&#x41B;.</subfield>
    <subfield code="g">&#x41B;&#x438;&#x430;&#x43D;&#x430;</subfield>
    <subfield code="4">440</subfield>
  </datafield>
  <datafield tag="790" ind1=" " ind2="1">
    <subfield code="6">z01541</subfield>
    <subfield code="a">&#x410;&#x43A;&#x431;&#x443;&#x442;&#x438;&#x43D;&#x430;</subfield>
    <subfield code="b">&#x417;. &#x425;.</subfield>
    <subfield code="g">&#x417;&#x435;&#x43C;&#x444;&#x438;&#x440;&#x430; &#x425;&#x430;&#x43A;&#x438;&#x43C;&#x44C;&#x44F;&#x43D;&#x43E;&#x432;&#x43D;&#x430;</subfield>
    <subfield code="4">070</subfield>
  </datafield>
  <datafield tag="942" ind1=" " ind2=" ">
    <subfield code="c">BOOK</subfield>
  </datafield>
  <datafield tag="980" ind1=" " ind2=" ">
    <subfield code="a">NB</subfield>
  </datafield>
</record>
